| 000 | 00453cam a2200205 4500 | ||
|---|---|---|---|
| 001 | D14417 | ||
| 008 | 090401t1965 xxu||||| |||| 00| 0 eng d | ||
| 035 | _a(Sirsi) u94741 | ||
| 041 | _aeng | ||
| 100 | _aWest, W.A. | ||
| 245 | _aConcise law of housing | ||
| 250 | _a2nd | ||
| 260 |
_aLondon _bEstates Gazette _c1965 |
||
| 300 | _a290p | ||
| 350 | _a2.38 | ||
| 520 | _aShelf 163 | ||
| 700 | _aDavies, Keith | ||
| 942 | _n0 | ||
| 948 | _c04/03/1997 | ||
| 999 |
_c98161 _d98161 |
||